Consciousness and divinity : (Record no. 169314)

MARC details
000 -LEADER
fixed length control field 00613nam a22001937a 4500
005 - DATE AND TIME OF LATEST TRANSACTION
control field 20191114151146.0
010 ## - LCCN (DPL NO)
LC control number ENG-126900
020 ## - INTERNATIONAL STANDARD BOOK NUMBER
International Standard Book Number 9789350693674
Terms of availability 70.00
035 ## - SYSTEM CONTROL NUMBER
System control number EN-110432
037 ## - SOURCE OF ACQUISITION
Source of stock number/acquisition DBAD/PUB
082 ## - DEWEY DECIMAL CLASSIFICATION NUMBER
Classification number 230.35
100 ## - MAIN ENTRY--PERSONAL NAME
Personal name Witz, Klaus G.
245 ## - TITLE STATEMENT
Title Consciousness and divinity :
Statement of responsibility, etc by Klaus G.Witz
Remainder of title an introduction to Sri Sathya Sai baba's universal teachings /
260 ## - PUBLICATION, DISTRIBUTION, ETC. (IMPRINT)
Place of publication, distribution, etc Andra Pradesh
Name of publisher, distributor, etc Sri Sathya Sai Sadhna Trust
Date of publication, distribution, etc 2018
270 ## - ADDRESS
Address Prasanthi Nilayam
Postal code 515134
Telephone number 08555287375
300 ## - PHYSICAL DESCRIPTION
Extent xi;228p.
Dimensions 21cm(pbk)
700 ## - ADDED ENTRY--PERSONAL NAME
Personal name
942 ## - ADDED ENTRY ELEMENTS (KOHA)
Source of classification or shelving scheme Dewey Decimal Classification
Item type English Books
Classification part 230.35
Call number suffix WIT
Holdings
Withdrawn status Lost status Not for loan Collection code Home library Current library Date acquired Source of acquisition Cost, normal purchase price Full call number Barcode Copy number Cost, replacement price Koha item type
      Non-fiction Central Library Central Library 14/11/2019 DBAD/PUB 70.00 230.35 WIT EN-110432 1 70.00 English Books

© Delhi Public Library
Hit Counter
free hit counter